000 00356 a2200145 4500
001 170614
020 _a
040 _cMagnum
100 _aMinisterio da Educacao e Cultura
240 1 0 _aCadernos da tv escola: a idade do brasil - 1
_lpor
245 1 0 _aCadernos da tv escola: a idade do brasil - 1
362 0 _a1899
697 _aENSINO
942 _cBK
999 _c170614
_d170614